000 00520nam a2200181Ia 4500
008 090123s9999 xx 000 0 und d
082 _b36918
_a891.463/तावरे
100 _aतावरे प्रकाश
245 _aअस्मा
250 _a1
260 _bशिवम प्रकाशन
_c2004
300 _a308
600 _aतावरे प्रकाश
630 _aअस्मा
700 _aतावरे प्रकाश
730 _aअस्मा
942 _cBOOK
999 _c74985
_d74985